00438 2200169 4500001002100000005001500021035002000036245006200056100001300118300003000131260003900161082000800200084001400208020000600222650003000228990001000258INLIS00000000003862420251003094810 a0010-10250000321 aTjandi Prambanan dan Tjandi Tjandi Sekitarnja /cKoesnoen0 aKoesnoen a84 hlm :b- ;c19 x 13 cm aBandung; :bSumur Bandung;,c1962; a722 a722 KOE t a- 4aArsitektur Keagamaan Kuno a38567